01018nam a2200241 a 4500001001000000003000400010005001700014008004100031020001500072040002500087100004300112245005400155260003700209300002900246500007000275504003200345590002700377942001400404952010600418952011200524952012300636999001700759000038024OSt20201111132047.0130312s2003 dr a 000 0 spa d a9993497304 aDO-SdBNPbspacBNPHU1 aEstrella Veloz, Santiago928982d1942-10aEcología para todos /cSantiago Estrella Veloz. aSanto Domingo :bDe Luxe,c2003. a196 p. :bils. ;c22 cm. aIncluye datos biográficos del autor en la solapa de la cubierta aBibliografía : p. 190-193 aInventariado, 2020 /LP 2ddccLBS1 00102ddc51718PDaBNPHUbPDcHDd2013-03-12eFUNDIiLF1l0p38024-10r2020-06-25w2020-06-25yLFPD 00102ddc51728PDaBNPHUbPDcHDd2013-09-09eFUNDIiLF1l0p38024-20r2020-06-25te. 2w2020-06-25yLFPD 00102ddc56708MOaBNPHUbPDcHDd2020-11-11eDonado por Saturnina Núñezl0r2020-11-11te. 3w2020-11-11yLBS1 c37514d37514